000 01217nam a2200265Ia 4500
999 _c53274
_d53274
001 20315
003 GE_BSU
005 20200906152656.0
008 181216s1978||||ge |||||||||||||| ||geo||
040 _cGE_BSU
041 _ageo
080 _a811.353.1'373 + 634.8(038) ა-87
100 _aასათიანი, ლილი
_99404
245 _aვაზის კულტურასთან დაკავშირებული ლექსიკა ქართულში :
_bმასალები /
_cლილი ასათიანი ; რედ. მ. ჭაბაშვილი.
260 _aთბილისი
260 _bმეცნიერება
260 _c1978
300 _a201გვ. ; 21სმ.
541 _h5 ლ.
653 _aვაზის კულტურასთან დაკავშირებული ლექსიკა ქართულში
653 _aქართული ენა
710 _aსაქართველოს სსრ მეცნიერებათა აკადემია
_99405
710 _aენათმეცნიერების ინსტიტუტი
_99406
942 _cBK
_2udc